Descobrim Garraf / Josep Maria Panareda Clopés
ISBN:
84-7528-179-8
Publicado:
Barcelona :
Publicacions i Edicions de la Universitat de Barcelona : Diputació de Barcelona : Institut de Ciències de l'Educació ,
1986
Descripción Física:
163 p. : il. ; 24 cm
Colección:
Col·lecció Pau Vila ; 6
Materias:
Garraf (Catalunya)
MARC
| LEADER | 00000nam a2200000Ia 4500 | ||
|---|---|---|---|
| 001 | 8399 | ||
| 008 | 160829s1986 xx 000 0 cat d | ||
| 020 | |a 84-7528-179-8 | ||
| 080 | |a C-2-33 | ||
| 100 | |a Panareda i Clopés, Josep M. |9 36956 | ||
| 245 | |a Descobrim Garraf / Josep Maria Panareda Clopés | ||
| 260 | |a Barcelona : |b Publicacions i Edicions de la Universitat de Barcelona : |b Diputació de Barcelona : |b Institut de Ciències de l'Educació, |c 1986 | ||
| 300 | |a 163 p. : |b il. ; |c 24 cm | ||
| 490 | |a Col·lecció Pau Vila ; 6 | ||
| 590 | |a Bibliografia | ||
| 651 | 0 | |a Garraf (Catalunya) |9 50641 | |
| 710 | 1 | |a Universitat Autònoma de Barcelona. |b Institut de Ciències de l'Educació |9 54205 | |
| 901 | |a Arxiu | ||
| 942 | |n 1 | ||
| 952 | |0 0 |1 0 |4 0 |6 C233 |7 1 |9 49253 |a Arxiu |b Arxiu |d 2016-12-01 |l 0 |o C-2-33 |p 8399 |r 2016-12-01 00:00:00 |w 2016-12-01 |y ARXIU | ||
| 999 | |c 53093 |d 53093 | ||